LEADER 02769nam 2200661Ia 450 001 9910459973403321 005 20200520144314.0 010 $a1-282-86724-5 010 $a9786612867248 010 $a0-7735-7680-0 035 $a(CKB)2670000000079284 035 $a(OCoLC)775480362 035 $a(CaPaEBR)ebrary10424071 035 $a(SSID)ssj0000478768 035 $a(PQKBManifestationID)11291469 035 $a(PQKBTitleCode)TC0000478768 035 $a(PQKBWorkID)10434784 035 $a(PQKB)10435338 035 $a(CEL)432984 035 $a(CaBNvSL)slc00225496 035 $a(MiAaPQ)EBC3271111 035 $a(MiAaPQ)EBC3331999 035 $a(Au-PeEL)EBL3331999 035 $a(CaPaEBR)ebr10558948 035 $a(CaONFJC)MIL286724 035 $a(OCoLC)923234508 035 $a(EXLCZ)992670000000079284 100 $a20070712d2006 uy 0 101 0 $aeng 135 $aurcn||||||||| 181 $ctxt 182 $cc 183 $acr 200 14$aThe romance of transgression in Canada$b[electronic resource] $equeering sexualities, nations, cinemas /$fThomas Waugh ; foreword by Bruce LaBruce 210 $aMontreal $cMcGill-Queen's University Press$dc2006 215 $a1 online resource (622 p.) 311 $a0-7735-3146-7 311 $a0-7735-3069-X 320 $aIncludes bibliographical references and index. 327 $aReader's guide and acronyms -- Part 1. Ten episodes -- How to queer sexualities, nations, and cinemas, or The romance (and paradoxes) of transgression in Canada -- Monkey on the back : Canadian cinema, conflicted masculinities, and queer silences in Canada's cold war -- Sexual revolution, Canadian cinema, and other queer paradoxes -- Fairy tales of two cities, or queer nation(s)/urban cinema(s) -- Passages : going to town, coming of age -- Forbidden love, or queering the National Film Board of Canada -- Boys and the beast -- Sex, money and sobriety -- Anti-retroviral : "a test of who we are" -- Conclusion : of bodies, shame, and desire -- Part 2. Portrait gallery -- Movers and shakers. 606 $aHomosexuality in motion pictures 606 $aGays in motion pictures 606 $aLesbians in motion pictures 606 $aMotion pictures$zCanada$xHistory and criticism 608 $aElectronic books. 615 0$aHomosexuality in motion pictures. 615 0$aGays in motion pictures. 615 0$aLesbians in motion pictures. 615 0$aMotion pictures$xHistory and criticism. 676 $a791.43/653 700 $aWaugh$b Thomas$f1948-$0943857 801 0$bMiAaPQ 801 1$bMiAaPQ 801 2$bMiAaPQ 906 $aBOOK 912 $a9910459973403321 996 $aThe romance of transgression in Canada$92130579 997 $aUNINA LEADER 04725oam 2200733zu 450 001 9910131919203321 005 20210807004743.0 010 $a9782821828575 010 $a2821828578 010 $a9782821816558 010 $a2821816553 024 7 $a10.4000/books.igpde.2202 035 $a(CKB)3460000000122157 035 $a(SSID)ssj0001542176 035 $a(PQKBManifestationID)11797624 035 $a(PQKBTitleCode)TC0001542176 035 $a(PQKBWorkID)11535316 035 $a(PQKB)10918302 035 $a(WaSeSS)IndRDA00046071 035 $a(FrMaCLE)OB-igpde-2202 035 $a(oapen)https://directory.doabooks.org/handle/20.500.12854/53506 035 $a(PPN)267966075 035 $a(FR-PaCSA)88920429 035 $a(FRCYB88920429)88920429 035 $a(oapen)doab53506 035 $a(EXLCZ)993460000000122157 100 $a20160829d1999 uy 101 0 $afre 135 $aur||||||||||| 181 $ctxt 182 $cc 183 $acr 200 13$aUn milieu libéral et européen : le grand commerce français, 1925-1948 210 $cInstitut de la gestion publique et du développement économique$d1999 210 31$a[Place of publication not identified]$cInstitut de la gestion publique et du développement économique Comité pour l'histoire économique et$d1999 215 $a1 online resource (xviii, 576 pages) 225 1 $aE?tudes ge?ne?rales 300 $aBibliographic Level Mode of Issuance: Monograph 311 08$a9782110900838 311 08$a2110900830 320 $aIncludes bibliographical references and indexes. 330 $aIssu d?une thèse de doctorat soutenue sous la direction du professeur René Girault, fondé sur l?exploitation d?archives privées inédites, cet ouvrage apporte une contribution originale à l?histoire des débuts de la construction européenne. Réflexion croisée sur un syndicalisme patronal méconnu, celui du grand commerce intérieur français et sur les formes d?organisation de l?Europe qu?il a soutenues, il met au jour les facettes multiples d?un « milieu » qui, au-delà du secteur commercial, comprend les cercles administratifs, politiques, culturels concernés par la défense des intérêts de ce secteur, « milieu » structuré par une même identité libérale et européenne. D?une après-guerre à l?autre on assiste au combat pugnace mené pour la réhabilitation de la fonction commerciale et la reconnaissance institutionnelle de tout un secteur, longtemps en marge du monde patronal, à la résistance inattendue d'un modèle libéral classique d?organisation de l?économie et de la société, à I'unification des mouvements européens de la mouvance libérale qui s'opère non sans quelques reclassements et luttes intestines. « Grâce au livre de Laurence Badel nous passons d?une histoire plutôt mythique des origines de la construction européenne à une histoire vraie du passé " européen " faite par des hommes préoccupés et inspirés par la vie quotidienne de leurs entreprises. Ce n'est pas un mince mérite » René Girault Based on a doctoral thesis defended under the supervision of Professor René Girault, for which the author used private unpublished archives, this work provides an original contribution towards the history of the origins of the building of Europe. A discussion which looks at all sides of a little-known federative movement amongst employers, that created by leading French domestic retailers and the forms of organisation within Europe which it supported, this work sheds light on the multiple facets of a ?milieu? which, extending beyond the commercial sector, included the? 410 0$aHistoire e?conomique et financie?re de la France.$pEtudes ge?ne?rales. 517 1 $aFree-market and European milieu :$ethe great French retail houses, 1925-1948 517 1 $aMedio liberal y europeo :$eEl gran comercio france?s 1925-1948 606 $aCommerce$2HILCC 606 $aBusiness & Economics$2HILCC 606 $aCommerce - General$2HILCC 607 $aFrance$xForeign economic relations$xHistory$y20th century 610 $ahistoire économique et financière 610 $arégime de Vichy 610 $aComité d?action économique et douanière (CAED) 610 $apolitique économique 610 $aconstruction européenne 610 $aIVe République 615 7$aCommerce 615 7$aBusiness & Economics 615 7$aCommerce - General 700 $aBadel$b Laurence$0973779 801 0$bPQKB 906 $aBOOK 912 $a9910131919203321 996 $aUn milieu libéral et européen : le grand commerce français, 1925-1948$92216260 997 $aUNINA